[Event "RN-2011-0-00426"]
[Site "LSS email"]
[Date "2011.12.03"]
[Round "?"]
[White "Bormann, Hugo"]
[Black "Bozic, Deni"]
[Result "0-1"]
[WhiteElo "771"]
[BlackElo "915"]
[PlyCount "38"]
[EventDate "2011.11.22"]
[EventType "tourn (corr)"]
[EventRounds "6"]
[EventCountry "GER"]
[SourceTitle "Telechess CBM 157"]
[Source "ChessBase"]
[SourceDate "2013.11.12"]
[SourceVersion "1"]
[SourceVersionDate "2013.11.12"]
[SourceQuality "1"]

1. d4 Nf6 2. c4 e6 3. Nc3 Bb4 4. Nf3 0-0 5. Bg5 h6 6. Bh4 c5 7. dxc5 Bxc5 8. e3 Bb4 9. Qc2 d5 10. cxd5 exd5 11. Be2 Be6 12. 0-0 Nbd7 13. Nd4 Rc8 14. Nxe6 fxe6 15. Qb3 a5 16. a3 Nc5 17. Qc2 Bxc3 18. bxc3 a4 19. Rfc1 Nb3 0-1

[Event "RN-2011-0-00422"]
[Site "LSS email"]
[Date "2011.11.23"]
[Round "?"]
[White "Bormann, Hugo"]
[Black "Perepechenko, Vladislav"]
[Result "0-1"]
[WhiteElo "771"]
[BlackElo "1372"]
[PlyCount "44"]
[EventDate "2011.10.30"]
[EventType "tourn (corr)"]
[EventRounds "6"]
[EventCountry "GER"]
[SourceTitle "Telechess CBM 157"]
[Source "ChessBase"]
[SourceDate "2013.11.12"]
[SourceVersion "1"]
[SourceVersionDate "2013.11.12"]
[SourceQuality "1"]

1. d4 Nf6 2. c4 e6 3. Nc3 Bb4 4. a3 Bxc3+ 5. bxc3 c5 6. Bg5 Qa5 7. Bd2 0-0 8. e3 d6 9. Nf3 e5 10. Be2 e4 11. Ng1 Nc6 12. f3 Qd8 13. fxe4 Nxe4 14. Nf3 Na5 15. Rb1 Bf5 16. Rb2 Qe7 17. Bc1 Nxc3 18. Qd2 Nxe2 19. Qxe2 b6 20. d5 Qf6 21. 0-0 Rae8 22. Bd2 Qxb2 0-1

[Event "RN-2011-0-00422"]
[Site "LSS email"]
[Date "2011.11.23"]
[Round "?"]
[White "Feng, Jason"]
[Black "Bormann, Hugo"]
[Result "1-0"]
[WhiteElo "928"]
[BlackElo "771"]
[PlyCount "31"]
[EventDate "2011.10.30"]
[EventType "tourn (corr)"]
[EventRounds "6"]
[EventCountry "GER"]
[SourceTitle "Corr 2015"]
[Source "ChessBase"]
[SourceDate "2015.07.17"]
[SourceVersion "1"]
[SourceVersionDate "2015.07.17"]
[SourceQuality "1"]

1. e4 c5 2. Nf3 d6 3. c3 g6 4. d4 cxd4 5. cxd4 Bg7 6. Nc3 b6 7. Be3 Bb7 8. Qd2 Nd7 9. Be2 e6 10. 0-0 Ne7 11. Bh6 0-0 12. Bxg7 Kxg7 13. Rac1 e5 14. dxe5 Nxe5 15. Nxe5 dxe5 16. Qxd8 1-0

[Event "ZN-2011-0-01771"]
[Site "LSS email"]
[Date "2011.11.22"]
[Round "?"]
[White "Bormann, Hugo"]
[Black "Goti, Javier"]
[Result "1-0"]
[WhiteElo "771"]
[BlackElo "723"]
[PlyCount "92"]
[EventDate "2011.11.20"]
[EventType "match (corr)"]
[EventRounds "2"]
[EventCountry "GER"]
[SourceTitle "Telechess CBM 157"]
[Source "ChessBase"]
[SourceDate "2013.11.12"]
[SourceVersion "1"]
[SourceVersionDate "2013.11.12"]
[SourceQuality "1"]

1. d4 g6 2. c4 Bg7 3. Nc3 e6 4. Nf3 Ne7 5. Bg5 f6 6. Bf4 0-0 7. e4 d6 8. e5 fxe5 9. dxe5 Nbc6 10. exd6 cxd6 11. Bxd6 Re8 12. Bg3 Rf8 13. Bd3 a6 14. 0-0 Nf5 15. Bxf5 exf5 16. Rc1 Be6 17. b3 Qa5 18. Na4 Rfd8 19. Qe2 Bf7 20. Nc3 Bxc3 21. Rfd1 Re8 22. Qc2 Bg7 23. Rd7 Nb4 24. Qd2 Qc5 25. Bd6 Qc6 26. Bxb4 a5 27. Bc3 Bf8 28. Ne5 Qe4 29. Nxf7 Qe2 30. Nh6+ Bxh6 31. Qxh6 Re7 32. Rxe7 Qxe7 33. Re1 Qf7 34. h3 b6 35. Qg5 Re8 36. Rxe8+ Qxe8 37. Qf6 Qd7 38. Qh8+ Kf7 39. Qxh7+ Ke6 40. Qxg6+ Ke7 41. Qg7+ Ke8 42. Qxd7+ Kxd7 43. g4 fxg4 44. hxg4 Ke7 45. Bd4 Kd6 46. Bxb6 Kc6 1-0

[Event "SN-2011-0-00400"]
[Site "LSS email"]
[Date "2011.11.12"]
[Round "?"]
[White "Jaszczowski, Zdzislaw"]
[Black "Bormann, Hugo"]
[Result "0-1"]
[WhiteElo "907"]
[BlackElo "771"]
[PlyCount "84"]
[EventDate "2011.11.05"]
[EventType "tourn (corr)"]
[EventRounds "6"]
[EventCountry "GER"]
[SourceTitle "Telechess CBM 157"]
[Source "ChessBase"]
[SourceDate "2013.11.12"]
[SourceVersion "1"]
[SourceVersionDate "2013.11.12"]
[SourceQuality "1"]

1. e4 c5 2. Nf3 Nc6 3. d4 b6 4. d5 Nb8 5. Bb5 e6 6. dxe6 fxe6 7. e5 Be7 8. 0-0 Nh6 9. h3 Bb7 10. Nh2 Nf5 11. Nd2 0-0 12. f4 Ne3 13. Qe1 Nxc2 14. Qg3 Nxa1 15. Bd3 Nc6 16. Ne4 Nd4 17. Ng5 Bxg5 18. fxg5 Rxf1+ 19. Nxf1 Nac2 20. Qh4 Nf5 21. Qh5 g6 22. Qd1 Ncd4 23. Ne3 Qc7 24. Nxf5 exf5 25. Qe1 Re8 26. Bf4 Qc6 27. Bc4+ Kf8 28. Qf2 Ne6 29. Bxe6 dxe6 30. Qd2 Ke7 31. Qd6+ Qxd6 32. exd6+ Kd7 33. Kf2 e5 34. Bd2 Kxd6 35. Bc3 Ke6 36. g4 f4 37. Bd2 Rd8 38. Bc3 Rd3 39. h4 Rg3 40. h5 Rxg4 41. a4 Rxg5 42. hxg6 hxg6 0-1

[Event "OP-2011-0-01860"]
[Site "LSS email"]
[Date "2011.11.05"]
[Round "?"]
[White "Venturas, Bob"]
[Black "Bormann, Hugo"]
[Result "0-1"]
[WhiteElo "758"]
[BlackElo "771"]
[PlyCount "100"]
[EventDate "2011.11.02"]
[EventType "tourn (corr)"]
[EventRounds "4"]
[EventCountry "GER"]
[SourceTitle "Telechess CBM 157"]
[Source "ChessBase"]
[SourceDate "2013.11.12"]
[SourceVersion "1"]
[SourceVersionDate "2013.11.12"]
[SourceQuality "1"]

1. e4 c5 2. Bc4 d6 3. h3 Be6 4. Bxe6 fxe6 5. d4 c4 6. c3 d5 7. e5 g6 8. Qa4+ Qd7 9. Qc2 Bg7 10. Nf3 Nh6 11. Bg5 0-0 12. 0-0 Nc6 13. Qa4 a6 14. Qc2 b5 15. Nbd2 b4 16. Qa4 bxc3 17. bxc3 Rf7 18. Rfb1 Qc7 19. Rb2 Rb8 20. Rab1 Nf5 21. Qxa6 Rff8 22. a4 Bh6 23. Bxh6 Nxh6 24. Ng5 Rxb2 25. Rxb2 Qc8 26. Qb5 Nxd4 27. Qb6 Ne2+ 28. Kh2 Nxc3 29. Qxe6+ Qxe6 30. Nxe6 Nxa4 31. Rb7 Rxf2 32. Nf3 Nf5 33. Nfg5 Rb2 34. Rd7 Rb8 35. Rc7 h6 36. Nf3 Kf7 37. Rc6 Ng7 38. Ned4 Nc3 39. e6+ Kf6 40. Ne1 Ne4 41. Nec2 Nd6 42. Rc5 Nxe6 43. Rxd5 Nxd4 44. Rxd4 Rb2 45. Rd2 c3 46. Re2 Nc4 47. Kg3 e5 48. Rf2+ Ke6 49. h4 h5 50. Kh3 Na3 0-1

[Event "RN-2011-0-00418"]
[Site "LSS email"]
[Date "2011.10.30"]
[Round "?"]
[White "Bormann, Hugo"]
[Black "Lebduska, Daniel"]
[Result "1-0"]
[WhiteElo "771"]
[BlackElo "684"]
[PlyCount "43"]
[EventDate "2011.10.11"]
[EventType "tourn (corr)"]
[EventRounds "6"]
[EventCountry "GER"]
[SourceTitle "Telechess CBM 157"]
[Source "ChessBase"]
[SourceDate "2013.11.12"]
[SourceVersion "1"]
[SourceVersionDate "2013.11.12"]
[SourceQuality "1"]

1. d4 d5 2. c4 Bf5 3. Nc3 dxc4 4. Bf4 a6 5. a4 Nc6 6. e4 Bg6 7. d5 Na5 8. Nf3 Nf6 9. Nd2 e6 10. dxe6 fxe6 11. f3 Qd7 12. Nxc4 Qxd1+ 13. Rxd1 Nxc4 14. Bxc4 c6 15. Bxe6 Bb4 16. 0-0 b5 17. axb5 axb5 18. Ra1 Rxa1 19. Rxa1 Ke7 20. Bb3 Rd8 21. Ra7+ Nd7 22. Bg5+ 1-0

[Event "RN-2011-0-00417"]
[Site "LSS email"]
[Date "2011.10.28"]
[Round "?"]
[White "Chandler, Mark"]
[Black "Bormann, Hugo"]
[Result "0-1"]
[WhiteElo "938"]
[BlackElo "687"]
[PlyCount "112"]
[EventDate "2011.10.09"]
[EventType "tourn (corr)"]
[EventRounds "6"]
[EventCountry "GER"]
[SourceTitle "Telechess CBM 149"]
[Source "ChessBase"]
[SourceDate "2012.07.17"]
[SourceVersion "1"]
[SourceVersionDate "2012.07.17"]
[SourceQuality "1"]

1. e4 e5 2. Nf3 Nf6 3. Nxe5 d6 4. Nf3 Nxe4 5. Qe2 Qe7 6. d3 Nf6 7. Bg5 Nbd7 8. Nc3 Qxe2+ 9. Bxe2 Be7 10. Nb5 Bd8 11. h4 a6 12. Nc3 h6 13. Bd2 0-0 14. 0-0-0 b5 15. Rdg1 Re8 16. g4 b4 17. Nb1 Rxe2 18. g5 hxg5 19. hxg5 Nh7 20. Be3 Bb7 21. Rh3 Bxf3 22. Rxf3 Rxe3 23. Rxe3 Bxg5 24. Rxg5 Nxg5 25. Nd2 Kf8 26. f4 Ne6 27. Rh3 Ke7 28. Re3 Kf6 29. Re4 a5 30. Nf3 Nec5 31. Rc4 d5 32. Rd4 c6 33. Ne5 Nxe5 34. fxe5+ Kxe5 35. Rg4 g6 36. Kd2 Rh8 37. d4+ Kd6 38. dxc5+ Kxc5 39. b3 Kd6 40. Rg3 Rh6 41. Rf3 f5 42. c3 Rh2+ 43. Kd3 c5 44. cxb4 axb4 45. Rg3 Rh6 46. Kc2 Ke5 47. Rg2 f4 48. Kb2 f3 49. Rc2 Kd6 50. a3 bxa3+ 51. Kxa3 g5 52. Ka4 g4 53. Ka5 g3 54. Rxc5 Kxc5 55. b4+ Kc4 56. b5 g2 0-1

[Event "ZN-2011-0-01729"]
[Site "LSS email"]
[Date "2011.10.20"]
[Round "?"]
[White "Bormann, Hugo"]
[Black "Bichik, Aleksandr Mihail"]
[Result "1-0"]
[WhiteElo "896"]
[BlackElo "1119"]
[PlyCount "53"]
[EventDate "2011.10.14"]
[EventType "match (corr)"]
[EventRounds "2"]
[EventCountry "GER"]
[SourceTitle "Telechess CBM 149"]
[Source "ChessBase"]
[SourceDate "2012.07.17"]
[SourceVersion "1"]
[SourceVersionDate "2012.07.17"]
[SourceQuality "1"]

1. d4 d5 2. c4 e6 3. Nc3 c6 4. c5 Nf6 5. Bf4 Be7 6. Nf3 0-0 7. e3 Nbd7 8. Bd3 Nh5 9. Bg3 Nxg3 10. hxg3 g6 11. Qc2 Bf6 12. 0-0-0 e5 13. Rh2 Kg7 14. dxe5 Nxe5 15. Nxe5 Bxe5 16. Rdh1 Rh8 17. f4 Bxc3 18. Qxc3+ f6 19. Rh4 Qe7 20. Bc2 Bd7 21. g4 h6 22. g5 hxg5 23. fxg5 Rxh4 24. Rxh4 Re8 25. gxf6+ Qxf6 26. Rh7+ Kxh7 27. Qxf6 1-0

[Event "ZN-2011-0-01714"]
[Site "LSS email"]
[Date "2011.10.08"]
[Round "?"]
[White "Newton, Daryl"]
[Black "Bormann, Hugo"]
[Result "0-1"]
[WhiteElo "600"]
[BlackElo "896"]
[PlyCount "58"]
[EventDate "2011.10.05"]
[EventType "match (corr)"]
[EventRounds "2"]
[EventCountry "GER"]
[SourceTitle "Telechess CBM 149"]
[Source "ChessBase"]
[SourceDate "2012.07.17"]
[SourceVersion "1"]
[SourceVersionDate "2012.07.17"]
[SourceQuality "1"]

1. e3 g6 2. Nf3 Bg7 3. c3 c5 4. d4 b6 5. Bc4 Bb7 6. Ng5 e6 7. Qg4 Nf6 8. Qf3 Bxf3 9. Nxf3 d5 10. Bb5+ Nbd7 11. Ne5 c4 12. e4 0-0 13. Bg5 Qc7 14. Nd2 Nxe5 15. dxe5 Nd7 16. exd5 Qxe5+ 17. Kf1 Qxd5 18. a4 Qxg5 19. Rd1 Nf6 20. Bxc4 Rfd8 21. h4 Qg4 22. Be2 Qxa4 23. b3 Qa2 24. g4 Rxd2 25. Rxd2 Qxd2 26. Bf3 Rd8 27. Kg2 Qxc3 28. Rb1 Rd2 29. Rd1 Rxd1 0-1

[Event "CP-2011-P-00048"]
[Site "LSS email"]
[Date "2011.09.30"]
[Round "?"]
[White "Bormann, Hugo"]
[Black "Shapovalov, Dima"]
[Result "0-1"]
[WhiteElo "769"]
[BlackElo "1785"]
[PlyCount "28"]
[EventDate "2011.10.01"]
[EventType "tourn (corr)"]
[EventRounds "6"]
[EventCountry "GER"]
[SourceTitle "Corr 2015"]
[Source "ChessBase"]
[SourceDate "2015.07.17"]
[SourceVersion "1"]
[SourceVersionDate "2015.07.17"]
[SourceQuality "1"]

1. d4 d5 2. c4 c6 3. c5 e5 4. e3 Nd7 5. Nc3 Ngf6 6. g3 Be7 7. Bg2 0-0 8. Nge2 b6 9. b4 Bb7 10. 0-0 a5 11. cxb6 axb4 12. dxe5 Nxe5 13. Nb1 Qxb6 14. Bb2 Nc4 0-1

[Event "ZN-2011-0-01684"]
[Site "LSS email"]
[Date "2011.09.07"]
[Round "?"]
[White "Salinas, Evin"]
[Black "Bormann, Hugo"]
[Result "0-1"]
[WhiteElo "758"]
[BlackElo "896"]
[PlyCount "86"]
[EventDate "2011.09.04"]
[EventType "match (corr)"]
[EventRounds "2"]
[EventCountry "GER"]
[SourceTitle "Telechess CBM 149"]
[Source "ChessBase"]
[SourceDate "2012.07.17"]
[SourceVersion "1"]
[SourceVersionDate "2012.07.17"]
[SourceQuality "1"]

1. e4 e5 2. Nf3 Nf6 3. Bc4 h6 4. 0-0 Be7 5. Nxe5 0-0 6. d3 b6 7. Nd2 Bb7 8. Ndf3 d6 9. Ng6 Re8 10. c3 d5 11. exd5 Bd6 12. Ngh4 Nxd5 13. Bxd5 Bxd5 14. c4 Bb7 15. Nf5 Bf8 16. b3 Qf6 17. Nxh6+ gxh6 18. Rb1 Nd7 19. Bb2 Qg6 20. d4 Rad8 21. d5 c6 22. Nh4 Qg5 23. g3 cxd5 24. cxd5 Bxd5 25. Re1 Nc5 26. Qd4 Bg7 27. Rxe8+ Rxe8 28. Qd1 Bxb2 29. Rxb2 Nd3 30. Rd2 Re1+ 31. Qxe1 Nxe1 32. Re2 Nf3+ 33. Nxf3 Bxf3 34. Re3 Bb7 35. f4 Qc5 36. Kf2 f5 37. h4 Kf7 38. Ke2 Qc2+ 39. Ke1 Ba6 40. Re5 Qc1+ 41. Kf2 Qf1+ 42. Ke3 Qe2+ 43. Kd4 Qd3# 0-1

[Event "ZN-2011-0-01681"]
[Site "LSS email"]
[Date "2011.09.05"]
[Round "?"]
[White "Lauer, Fredric"]
[Black "Bormann, Hugo"]
[Result "1/2-1/2"]
[WhiteElo "1037"]
[BlackElo "896"]
[PlyCount "33"]
[EventDate "2011.09.02"]
[EventType "match (corr)"]
[EventRounds "2"]
[EventCountry "GER"]
[SourceTitle "Corr 2015"]
[Source "ChessBase"]
[SourceDate "2015.07.17"]
[SourceVersion "1"]
[SourceVersionDate "2015.07.17"]
[SourceQuality "1"]

1. d4 d5 2. Nc3 e6 3. e4 dxe4 4. Nxe4 b6 5. Bd3 Bb7 6. Nf3 Be7 7. 0-0 Nf6 8. Qe2 0-0 9. c3 Nbd7 10. Nxf6+ Nxf6 11. Bg5 Nd5 12. Bxe7 Qxe7 13. Qe4 g6 14. Qh4 Qxh4 15. Nxh4 Rac8 16. Nf3 c5 17. dxc5 1/2-1/2

[Event "RN-2011-0-00403"]
[Site "LSS email"]
[Date "2011.09.02"]
[Round "?"]
[White "Bormann, Hugo"]
[Black "Holmquist, Marson C"]
[Result "1-0"]
[WhiteElo "896"]
[BlackElo "595"]
[PlyCount "67"]
[EventDate "2011.08.16"]
[EventType "tourn (corr)"]
[EventRounds "6"]
[EventCountry "GER"]
[SourceTitle "Telechess CBM 149"]
[Source "ChessBase"]
[SourceDate "2012.07.17"]
[SourceVersion "1"]
[SourceVersionDate "2012.07.17"]
[SourceQuality "1"]

1. d4 d5 2. c4 c6 3. c5 b6 4. b4 a6 5. g3 e6 6. Bg2 b5 7. Nc3 Be7 8. e4 dxe4 9. Bxe4 Nf6 10. Bg2 0-0 11. Nf3 a5 12. bxa5 Rxa5 13. Be3 Nd5 14. Qd2 Ra3 15. Nxd5 Qxd5 16. 0-0 Nd7 17. Ne5 Nxe5 18. Bxd5 exd5 19. f4 Ng4 20. Rfe1 Nxe3 21. Rxe3 Rxe3 22. Qxe3 Bf6 23. a4 b4 24. Rb1 Bd7 25. Rxb4 h6 26. Rb7 Re8 27. Qd3 Bh3 28. Kf2 g6 29. a5 Bg4 30. Rb2 h5 31. a6 Bf5 32. Qd2 Bg4 33. a7 Bd7 34. Rb8 1-0